| 000 | 00634nam a2200193 i 4500 | ||
|---|---|---|---|
| 001 | 130491 | ||
| 003 | ES-MaACL | ||
| 007 | t| | ||
| 008 | 070730s1953 sp ||||1| spa d | ||
| 100 | 1 |
_aZapatero, José. _9118006 |
|
| 245 | 1 | 4 |
_aLas hidrazidas en el tratamiento de la tuberculosis pulmonar / _cJosé Zapatero Domínguez. |
| 260 |
_aMadrid : _bPaz Montalvo, _c1953 ( _fDiana) |
||
| 300 |
_a226 p. ; _c22 c,. |
||
| 500 | _aGrab. intercal. | ||
| 650 | 1 | 7 |
_aTuberculosis _2embne _917658 |
| 650 | 1 | 4 |
_aAparato respiratorio- _xDiagnóstico de las enfermedades. _99912 |
| 852 |
_aES-MaACL _jC-6215 _bR.34933 |
||
| 999 |
_c130491 _d130491 |
||